000 00378nam a2200145Ia 4500
999 _c10552
_d10552
003 OSt
005 20220404111911.0
008 220318s9999 xx 000 0 und d
020 _a9787214086839
082 _a721.044
100 _a Tianjin feng huang kong jian wen hua chuan mei you xian gong si
245 0 _aArchitectural material & texture
260 _aJPPH
942 _2ddc